000 00711cam a2200229 a 4500
999 _c3246
_d3246
001 76
003 BD-DhUAP
005 20200303111200.0
008 961015s1997 enka b 001 0 eng
020 _a0192842471
020 _a0192842048
040 _aBD-DhUAP
_cBD-DhUAP
_dBD-DhUAP
_bEng
082 0 0 _223
_a745.20904 WOO
100 1 _aWoodham, Jonathan M.
245 1 0 _aTwentieth century design /
_cJonathan M. Woodham.
260 _aNew York :
_bOxford University Press,
_cc1997.
300 _a288 pages :
_billustrations ;
_c25 cm.
440 0 _aOxford history of art.
504 _aIncludes bibliographical references (p. 258-273) and index.
650 0 _aDesign
_xHistory
_y20th century.
942 _2ddc
_cBK